KOHA-Header-6

Jab Khet Jaage (Record no. 12915)

000 -LEADER
fixed length control field 00263nam a22001217a 4500
020 ## - INTERNATIONAL STANDARD BOOK NUMBER
ISBN 9789696622871
082 ## - DEWEY DECIMAL CLASSIFICATION NUMBER
Classification number 891.433
100 ## - MAIN ENTRY--AUTHOR NAME
Personal name Chander, Krishan
245 ## - TITLE STATEMENT
Title Jab Khet Jaage
260 ## - PUBLICATION, DISTRIBUTION, ETC. (IMPRINT)
Place of publication Pakistan
Name of publisher Book Corner
Year of publication 2020
300 ## - PHYSICAL DESCRIPTION
Number of Pages 158 pages.
942 ## - ADDED ENTRY ELEMENTS (KOHA)
Koha item type Books
Holdings
Withdrawn status Lost status Collection code Permanent Location Current Location Shelving location Date acquired Full call number Accession Number Koha item type
    Urdu Literature MAJU MAJU   2020-12-30 891.433 10013 Urdu Literature

Powered by Koha